000 00869nam a2200217Ia 4500
003 GCL
008 140319s9999 xx 000 0 ara d
040 _aGCL /
_cGCL
082 0 4 _aق
_b962.076
_bم س
100 1 _aفتحى رضوان (تقديم وتعليق)
245 1 0 _aالسلام الضائع فىاتفاقيات كامب ديفيد /
_cفتحى رضوان (تقديم وتعليق)
700 1 _aمحمد ابراهيم كامل
260 _aالقاهرة :
_bمركز الاهرام للترجمة والنشر ،
_c1987
300 _a662 ص ؛
_c24 سم
650 0 4 _aالنزاع العربى الاسرائيلى
650 0 4 _aمعاهدات السلام
650 0 4 _aاتفاقيات كامب ديفيد
650 0 4 _aمصر - اتفاقيات كامب ديفيد
650 0 4 _aمصر - العلاقات الخارجية
942 _2ddc
_cBK
999 _c39667
_d39667